| 000 | 00526nam a2200181Ia 4500 | ||
|---|---|---|---|
| 999 |
_c21471 _d21471 |
||
| 003 | OSt | ||
| 005 | 20200602093734.0 | ||
| 008 | 190216s9999||||xx |||||||||||||| ||und|| | ||
| 020 | _a9788178242583 | ||
| 040 | _coclc | ||
| 082 |
_a338.70954 _bDAM/I |
||
| 100 |
_a Damodaran, Harish _91122 |
||
| 245 | 0 |
_aIndia`s New Capitalists / _cHarish Damodaran |
|
| 260 |
_bPermanent Black Pub, _c2009. _aNew Delhi: |
||
| 300 | _a341p | ||
| 650 | _aHistory | ||
| 942 |
_cBK _2ddc _h338.70954 _iDAM/I _k338.70954 _mDAM/I |
||